| 000 | 01139cam a22002893a 4500 | ||
|---|---|---|---|
| 001 | 23787 | ||
| 003 | PGUSA | ||
| 005 | 20140828083516.0 | ||
| 008 | 071209s2007||||xxu|||||s|||||000 | eng d | ||
| 040 |
_aPGUSA _beng |
||
| 042 | _adc | ||
| 050 | 4 | _aPZ | |
| 050 | 4 | _aGR | |
| 050 | 4 | _aPT | |
| 245 | 1 | 0 |
_aMärchen-Sammlung _h[electronic resource] |
| 260 |
_bProject Gutenberg, _c2007 |
||
| 505 | 0 | _aDer Wolf und die sieben Geißlein -- Der Schmied von Jüterbog -- Der Hase und der Fuchs -- Der beherzte Flötenspieler -- Der Wettlauf zwischen dem Hasen und dem Igel -- Das Kätzchen und die Stricknadeln -- Der goldene Rehbock -- Die drei Federn -- Der kleine Däumling -- Das Natterkrönlein -- Der fette Lollus und der magere Lollus -- Gevatterin Kröte -- Zwergenmützchen -- Die Kornähren | |
| 506 | _aPublic domain in the USA. | ||
| 516 | _aElectronic text | ||
| 653 | _aFairy tales -- Germany | ||
| 700 | 1 | _aFahringer, Karl | |
| 700 | 1 |
_aBechstein, Ludwig, _d1801-1860 |
|
| 700 | 1 |
_aFraungruber, Hans, _d1863-1933 |
|
| 830 | 0 |
_aProject Gutenberg _v23787 |
|
| 856 | 4 | 0 | _uhttp://www.gutenberg.org/ebooks/23787 |
| 942 | _cEB | ||
| 999 |
_c253042 _d253042 |
||